=LDR 00000nam 2200000 4500 =001 INLIS000000000002724 =005 20130612091040 =008 ***********************************Ind** =035 ##$$0010-061300000002724 =041 ##$$a Ind =082 ##$$a 2X5.4 =090 ##$$a 2X5.4, Sad d =100 ##$$a Al-Sadlan, Shaleh bin Ghanim =245 ##$$a Do'a dzikir dan fi'k ucapan dan tindakan, Shaleh bin Ghanim Al-Sadlan =260 ##$$a 1999 $b Yogyakarta =300 ##$$a xiii,192 hlm, 20 cm =650 ##$$a Do'a(Islam) =850 ##$$a NBPNMAT